header

Diaghilev (Record no. 133600)

MARC details
000 -LEADER
fixed length control field 01410nam a2200361Ia 4500
100 1# - MAIN ENTRY--AUTHOR NAME
Personal name Scheijen, Sjeng.
245 10 - TITLE STATEMENT
Title Diaghilev
260 ## - PUBLICATION, DISTRIBUTION, ETC. (IMPRINT)
Place of publication London :
Name of publisher Profile,
Year of publication 2009.
300 ## - PHYSICAL DESCRIPTION
Number of Pages vii, 552 p. :
Other physical details ill.
500 ## - GENERAL NOTE
General note Originally published: Sergej Diaghilev by Uitgeverij Bert Bakker, Amsterdam, 2009.
650 #0 - SUBJECT ADDED ENTRY--TOPICAL TERM
Topical Term Ballet
Topical Term Impresarios
856 40 - ELECTRONIC LOCATION AND ACCESS
Uniform Resource Identifier http://site.ebrary.com/lib/rucke/Doc?id=10437745

No items available.

© 2026 Rongo University
Contact us: librarian | system librarian | Rongo university